[Event "NATO-ch 22nd"]
[Site "Kaunas"]
[Date "2011.08.09"]
[Round "2.1"]
[White "Bieluszewski, Piotr"]
[Black "Drabke, Lorenz Maximilian"]
[Result "0-1"]
[WhiteElo "2120"]
[BlackElo "2472"]
[PlyCount "84"]
[EventDate "2011.08.??"]
[EventType "swiss"]
[EventRounds "7"]
[EventCountry "LTU"]
[WhiteTeam "POL"]
[BlackTeam "GER"]

1. e4 c5 2. Nf3 e6 3. d4 cxd4 4. Nxd4 a6 5. Bd3 Nf6 6. O-O Qc7 7. Qe2 d6 8. c4
Nbd7 9. Be3 Ne5 10. Nf3 Nxd3 11. Qxd3 Bd7 12. a4 b6 13. Bd4 Be7 14. Nbd2 O-O
15. b3 Bc6 16. Rfe1 h6 17. Rac1 Rfd8 18. Bb2 Qb7 19. Nd4 Be8 20. Qg3 Rac8 21.
Qd3 Nd7 22. f4 Bf6 23. Kh1 Nc5 24. Qg3 e5 25. fxe5 dxe5 26. Rf1 Bg5 27. N4f3
Bxd2 28. Nxd2 Rxd2 29. Bxe5 Ne6 30. Bc3 Rd7 31. Rce1 Rcd8 32. Rf6 Rd3 33. Rf3
Rxf3 34. gxf3 Rd3 35. Be5 Qd7 36. Qg1 Rxb3 37. Qg3 Rd3 38. Qg1 Rxf3 39. Qxb6
Qd2 40. Rg1 Qe2 41. Bxg7 Rf1 42. Bxh6+ Rxg1+ 0-1

[Event "NATO-ch 22nd"]
[Site "Kaunas"]
[Date "2011.08.09"]
[Round "2.2"]
[White "Haznedaroglu, Kivanc"]
[Black "Nielsen, Jan Mose"]
[Result "1-0"]
[WhiteElo "2444"]
[BlackElo "2116"]
[PlyCount "73"]
[EventDate "2011.08.??"]
[EventType "swiss"]
[EventRounds "7"]
[EventCountry "LTU"]
[WhiteTeam "TUR"]
[BlackTeam "DEN"]

1. e4 c5 2. Nf3 d6 3. d4 cxd4 4. Nxd4 Nf6 5. Nc3 g6 6. Be3 Bg7 7. f3 a6 8. Qd2
Nbd7 9. Be2 Ne5 10. Bh6 Bxh6 11. Qxh6 Qb6 12. O-O-O Bd7 13. g4 Rc8 14. Qd2 Qa7
15. h3 b5 16. f4 b4 17. Nd5 Nxd5 18. exd5 Nc4 19. Bxc4 Rxc4 20. Rhe1 Bb5 21.
Qe3 O-O 22. Qxe7 Qc5 23. Qf6 Rc8 24. Kb1 Rxc2 25. Nxc2 Qxc2+ 26. Ka1 Be2 27.
Rb1 b3 28. Qxd6 Bd3 29. axb3 Qxb3 30. Rbc1 Rb8 31. Qa3 Qxd5 32. Red1 Rb3 33.
Rc8+ Kg7 34. Qf8+ Kf6 35. Qh8+ Ke7 36. Re1+ Kd7 37. Qd8# 1-0

[Event "NATO-ch 22nd"]
[Site "Kaunas"]
[Date "2011.08.09"]
[Round "2.3"]
[White "Bucholtz, Robert"]
[Black "Erturan, Yakup"]
[Result "0-1"]
[WhiteElo "2112"]
[BlackElo "2342"]
[PlyCount "64"]
[EventDate "2011.08.??"]
[EventType "swiss"]
[EventRounds "7"]
[EventCountry "LTU"]
[WhiteTeam "USA"]
[BlackTeam "TUR"]

1. Nf3 c5 2. c4 Nc6 3. d4 cxd4 4. Nxd4 g6 5. e4 Bg7 6. Be3 Nf6 7. Nc3 Ng4 8.
Qxg4 Nxd4 9. O-O-O Nc6 10. Nb5 a6 11. Nd4 Qa5 12. Kb1 d5 13. Qg5 Nxd4 14. Bxd4
Bxd4 15. Rxd4 Qe1+ 16. Qc1 Qxf2 17. Rxd5 Be6 18. Qd2 Qf6 19. Rd4 O-O 20. Be2 b5
21. Rc1 Rfc8 22. cxb5 Bxa2+ 23. Kxa2 Rxc1 24. Rd8+ Rxd8 25. Qxd8+ Kg7 26. bxa6
Rc2 27. Qb8 Rxe2 28. a7 Qa6+ 29. Kb1 Re1+ 30. Kc2 Ra1 31. Qe5+ Qf6 32. Qc5 Qd6
0-1

[Event "NATO-ch 22nd"]
[Site "Kaunas"]
[Date "2011.08.09"]
[Round "2.4"]
[White "Krainski, Slawomir"]
[Black "Helbig, Mark"]
[Result "0-1"]
[WhiteElo "2099"]
[BlackElo "2315"]
[PlyCount "68"]
[EventDate "2011.08.??"]
[EventType "swiss"]
[EventRounds "7"]
[EventCountry "LTU"]
[WhiteTeam "POL"]
[BlackTeam "GER"]

1. e4 c6 2. c4 d5 3. cxd5 cxd5 4. exd5 Nf6 5. Nc3 Nxd5 6. Bc4 e6 7. Nf3 Nxc3 8.
bxc3 Qc7 9. Qe2 Bd6 10. O-O O-O 11. d4 Nd7 12. Bd3 b6 13. c4 Bb7 14. h3 e5 15.
Ng5 h6 16. Ne4 exd4 17. Bxh6 f5 18. Nxd6 Qxd6 19. Bc1 Nc5 20. f3 Rae8 21. Qc2
Qg3 22. Bd2 Re6 23. Be1 Qg5 24. Bd2 Re3 25. Rae1 f4 26. Bxe3 fxe3 27. Bh7+ Kh8
28. Be4 Bxe4 29. fxe4 Rxf1+ 30. Rxf1 d3 31. Qc3 e2 32. Rf8+ Kh7 33. Qe1 Nxe4
34. g4 Qc5+ 0-1

[Event "NATO-ch 22nd"]
[Site "Kaunas"]
[Date "2011.08.09"]
[Round "2.5"]
[White "Pedersen, Finn"]
[Black "Maciokas, Kostas"]
[Result "1-0"]
[WhiteElo "2279"]
[BlackElo "2079"]
[PlyCount "73"]
[EventDate "2011.08.??"]
[EventType "swiss"]
[EventRounds "7"]
[EventCountry "LTU"]
[WhiteTeam "DEN"]
[BlackTeam "LTU"]

1. Nf3 Nf6 2. g3 d5 3. Bg2 c5 4. c4 e6 5. O-O Nc6 6. cxd5 exd5 7. d4 c4 8. b3
cxb3 9. Qxb3 Be7 10. Bg5 O-O 11. Nc3 Na5 12. Qb1 h6 13. Bxf6 Bxf6 14. Ne5 Be6
15. e3 Rc8 16. Qd3 Nc4 17. Nxc4 Rxc4 18. Rac1 Qa5 19. Nxd5 Bxd5 20. Rxc4 Bxc4
21. Qxc4 b5 22. Qc2 Be7 23. Bd5 Ba3 24. Rb1 b4 25. Qc4 Qb6 26. e4 Kh8 27. Rb3
f6 28. Be6 a5 29. h4 Rb8 30. Bf5 Qd8 31. Rb1 Rb7 32. Qa6 Rc7 33. d5 Rc2 34. e5
Rxa2 35. exf6 gxf6 36. Qb7 Qg8 37. Re1 $138 1-0

[Event "NATO-ch 22nd"]
[Site "Kaunas"]
[Date "2011.08.09"]
[Round "2.7"]
[White "Franck, Boris"]
[Black "Andersen, Hans Christoph"]
[Result "0-1"]
[WhiteElo "2090"]
[BlackElo "2211"]
[PlyCount "174"]
[EventDate "2011.08.??"]
[EventType "swiss"]
[EventRounds "7"]
[EventCountry "LTU"]
[WhiteTeam "FRA"]
[BlackTeam "GER"]

1. e4 e6 2. Nf3 d5 3. e5 c5 4. b4 cxb4 5. a3 Nc6 6. axb4 Bxb4 7. c3 Be7 8. d4
f6 9. Bd3 fxe5 10. dxe5 Qc7 11. Bf4 Nh6 12. O-O O-O 13. Bxh6 gxh6 14. Re1 Bc5
15. Nbd2 Qg7 16. Ra4 Bd7 17. Rh4 Kh8 18. Nf1 Rf7 19. Ng3 Rg8 20. Qd2 Rxf3 21.
gxf3 Nxe5 22. Be2 Qg5 23. Qxg5 hxg5 24. Rh5 Be8 25. Rh6 Bf7 26. Bd1 Nd3 27. Bc2
Kg7 28. Rexe6 Bxe6 29. Rxe6 Nf4 30. Nf5+ Kh8 31. Rf6 Rf8 32. Rh6 Ne2+ 33. Kf1
Nxc3 34. h4 gxh4 35. Nxh4 Rf7 36. f4 a5 37. Nf3 Ne4 38. Ne5 Rxf4 39. Ng6+ Kg7
40. Nxf4 Kxh6 41. Nxd5 Nxf2 42. Nf6 Nh3 43. Nxh7 Nf4 44. Nf6 Kg7 45. Ne4 b6 46.
Ke1 Kf7 47. Bb3+ Ke7 48. Kd2 Kd7 49. Ba4+ Ke6 50. Kc3 Kd5 51. Nf6+ Ke5 52. Nd7+
Kd6 53. Kc4 Nd5 54. Nb8 Nc7 55. Nd7 Bg1 56. Nf6 Ne6 57. Ne4+ Kc7 58. Kd5 Nf4+
59. Kc4 Be3 60. Nc3 Kd6 61. Ne4+ Ke5 62. Nc3 Bc5 63. Bc2 Ne6 64. Na4 Kd6 65.
Nc3 Nd4 66. Ba4 Ke5 67. Nb5 {(=)} Nf5 68. Nc3 Nd6+ 69. Kd3 Bb4 70. Nb5 Kd5 71.
Nxd6 Bxd6 72. Kc3 Kc5 73. Bd1 b5 74. Be2 a4 75. Kb2 Kb4 76. Bh5 Ka5 77. Bf7 b4
78. Bc4 Kb6 79. Bf7 Be5+ 80. Ka2 Ka5 81. Bc4 Bd4 82. Bf7 Kb5 83. Be8+ Ka5 84.
Bd7 b3+ 85. Kb1 a3 86. Be6 a2+ 87. Kc1 a1=Q+ $138 0-1

[Event "NATO-ch 22nd"]
[Site "Kaunas"]
[Date "2011.08.09"]
[Round "2.8"]
[White "Kedzierski, Slawomir"]
[Black "Mestek, Igor"]
[Result "1/2-1/2"]
[WhiteElo "2082"]
[BlackElo "2195"]
[PlyCount "28"]
[EventDate "2011.08.??"]
[EventType "swiss"]
[EventRounds "7"]
[EventCountry "LTU"]
[WhiteTeam "POL"]
[BlackTeam "SLO"]

1. Nf3 d5 2. d4 f5 3. c4 e6 4. g3 Nf6 5. Bg2 c6 6. O-O Bd6 7. b3 O-O 8. Ba3 Ne4
9. Qc2 Bxa3 10. Nxa3 Nd7 11. Nb1 Qf6 12. Nbd2 g5 13. e3 Qg7 14. Rac1 h5 1/2-1/2

[Event "NATO-ch 22nd"]
[Site "Kaunas"]
[Date "2011.08.09"]
[Round "2.9"]
[White "Van Rijn, Wouter"]
[Black "Ledoux, Jean Luc"]
[Result "1-0"]
[WhiteElo "2191"]
[BlackElo "2074"]
[PlyCount "127"]
[EventDate "2011.08.??"]
[EventType "swiss"]
[EventRounds "7"]
[EventCountry "LTU"]
[WhiteTeam "NED"]
[BlackTeam "FRA"]

1. e4 c6 2. d4 d5 3. Nc3 dxe4 4. Nxe4 Bf5 5. Ng3 Bg6 6. h4 h6 7. Nf3 Nd7 8. h5
Bh7 9. Bd3 Bxd3 10. Qxd3 e6 11. Bd2 Ngf6 12. O-O-O Qc7 13. Ne4 Nxe4 14. Qxe4
Nf6 15. Qe2 Bd6 16. Rh4 O-O-O 17. Ne5 c5 18. Nc4 cxd4 19. Rxd4 Nd5 20. Rg4 Bf4
21. Rxg7 Nb4 22. a3 Rxd2 23. Rxd2 Bxd2+ 24. Kxd2 Qf4+ 25. Kc3 Nd5+ 26. Kb3 b5
27. Ne5 Qa4+ 28. Ka2 Rd8 29. Nxf7 Rd7 30. Rg8+ Kb7 31. Nd8+ Ka6 32. Qxe6+ Nb6
33. Nc6 Rd6 34. Nb8+ Kb7 35. Rg7+ Ka8 36. Qf7 Qc4+ 37. Qxc4 Nxc4 38. Nd7 Rd2
39. Nc5 a5 40. Rb7 Rxc2 41. Rxb5 Rxf2 42. Na4 Ka7 43. Rc5 Rf4 44. Rc7+ Kb8 45.
Rh7 Ne3 46. Nb6 Nxg2 47. Rxh6 a4 48. Rg6 Ne3 49. h6 Rh4 50. Nxa4 Nf5 51. Nc5
Nxh6 52. b4 Nf5 53. Kb3 Ne7 54. Rd6 Nc8 55. Rd7 Rh6 56. a4 Rh3+ 57. Rd3 Rh1 58.
a5 Rb1+ 59. Kc4 Rc1+ 60. Kb5 Na7+ 61. Kb6 Rb1 62. Na6+ Kc8 63. Kxa7 Rd1 64.
Rc3+ 1-0

[Event "NATO-ch 22nd"]
[Site "Kaunas"]
[Date "2011.08.09"]
[Round "2.10"]
[White "Berrak, Sedat"]
[Black "Harwood, Duncan J"]
[Result "1/2-1/2"]
[WhiteElo "2078"]
[BlackElo "2180"]
[PlyCount "37"]
[EventDate "2011.08.??"]
[EventType "swiss"]
[EventRounds "7"]
[EventCountry "LTU"]
[WhiteTeam "TUR"]
[BlackTeam "ENG"]

1. d4 Nf6 2. c4 g6 3. Nc3 Bg7 4. e4 d6 5. f3 O-O 6. Be3 Nc6 7. Nge2 a6 8. Qd2
Rb8 9. a4 Re8 10. g4 e5 11. d5 Na5 12. Nc1 c5 13. Rb1 b6 14. Bd3 Bd7 15. b3 Re7
16. Qf2 Ne8 17. b4 Nb7 18. O-O f6 19. N1e2 1/2-1/2

[Event "NATO-ch 22nd"]
[Site "Kaunas"]
[Date "2011.08.09"]
[Round "2.11"]
[White "Jauk, Wilhelm"]
[Black "Pirs, Matjaz2"]
[Result "1-0"]
[WhiteElo "2164"]
[BlackElo "2066"]
[PlyCount "83"]
[EventDate "2011.08.??"]
[EventType "swiss"]
[EventRounds "7"]
[EventCountry "LTU"]
[WhiteTeam "GER"]
[BlackTeam "SLO"]

1. d4 Nf6 2. Nf3 d6 3. c4 Nbd7 4. Nc3 c6 5. g3 e5 6. dxe5 dxe5 7. Bg2 Qc7 8.
O-O Be7 9. Qc2 O-O 10. b3 Re8 11. Bb2 a5 12. Rad1 Bf8 13. Na4 b6 14. e4 Rb8 15.
Nh4 Nc5 16. Nxc5 Bxc5 17. h3 Be6 18. Kh2 Nd7 19. Kh1 Be7 20. Nf5 Bxf5 21. exf5
f6 22. Qe4 Rbc8 23. Qxc6 Nc5 24. Qb5 Red8 25. Rd5 Rxd5 26. Bxd5+ Kf8 27. Ba3
Rd8 28. Kg2 g6 29. fxg6 hxg6 30. Bc1 Kg7 31. Be3 Bd6 32. a3 Rb8 33. b4 axb4 34.
axb4 Nb3 35. Rd1 Qe7 36. Qa4 Nd4 37. Bxd4 exd4 38. Rxd4 Rc8 39. Re4 Qf8 40.
Qa7+ Bc7 41. Be6 Qe8 42. Qb7 1-0

[Event "NATO-ch 22nd"]
[Site "Kaunas"]
[Date "2011.08.09"]
[Round "2.12"]
[White "Kapral, Krzysztof"]
[Black "Sari, Serdar"]
[Result "1-0"]
[WhiteElo "2157"]
[BlackElo "2032"]
[PlyCount "128"]
[EventDate "2011.08.??"]
[EventType "swiss"]
[EventRounds "7"]
[EventCountry "LTU"]
[WhiteTeam "POL"]
[BlackTeam "TUR"]

1. Nf3 Nf6 2. c4 g6 3. b4 Bg7 4. Bb2 O-O 5. g3 c6 6. Bg2 d5 7. cxd5 cxd5 8. O-O
Qb6 9. Qb3 a5 10. bxa5 Qxa5 11. Nc3 Na6 12. Ba3 Re8 13. Rac1 e5 14. d3 d4 15.
Nb5 Be6 16. Qb2 Nd7 17. Bd6 Qxa2 18. Qxa2 Bxa2 19. Nc7 Nxc7 20. Rxc7 Rad8 21.
Nd2 Nf6 22. Bb4 Bd5 23. Bxd5 Nxd5 24. Rxb7 Rb8 25. Rxb8 Rxb8 26. Ba3 Ra8 27.
Nc4 Nc3 28. Re1 f6 29. Bb2 Ra2 30. Kf1 Bf8 31. Ra1 Rxa1+ 32. Bxa1 Na4 33. f4
Bg7 34. Kf2 Kf7 35. Kf3 Ke6 36. fxe5 fxe5 37. Bb2 Bf8 38. Bc1 Kd5 39. Bg5 Nc5
40. Nd2 h6 41. Bd8 Ne6 42. Bf6 Nc5 43. h3 Ke6 44. Bd8 Kd7 45. Bb6 Na4 46. Ba5
Ke6 47. Ne4 Be7 48. Bd2 h5 49. g4 Nc5 50. gxh5 gxh5 51. Ng3 h4 52. Ne4 Kf5 53.
Bb4 Nxd3 54. Bxe7 Nf4 55. Nf2 e4+ 56. Nxe4 Nxh3 57. Nd2 Ng1+ 58. Kf2 Nh3+ 59.
Kf1 Kg4 60. Nf3 d3 61. Ne5+ Kg3 62. Nxd3 Kg4 63. Nf2+ Nxf2 64. Kxf2 h3 1-0

[Event "NATO-ch 22nd"]
[Site "Kaunas"]
[Date "2011.08.09"]
[Round "2.13"]
[White "Hernandez, Albertryan"]
[Black "Tommasini, Enzo"]
[Result "1-0"]
[WhiteElo "2072"]
[BlackElo "2154"]
[PlyCount "95"]
[EventDate "2011.08.??"]
[EventType "swiss"]
[EventRounds "7"]
[EventCountry "LTU"]
[WhiteTeam "USA"]
[BlackTeam "ITA"]

1. d4 d5 2. Nf3 Nf6 3. g3 e6 4. Bg2 Be7 5. O-O O-O 6. c4 c6 7. Nc3 Nbd7 8. Qc2
b6 9. cxd5 exd5 10. e4 dxe4 11. Nxe4 Bb7 12. Rd1 Re8 13. Ne5 Nxe4 14. Bxe4 Nxe5
15. dxe5 Qc7 16. Bxh7+ Kh8 17. Bf4 g5 18. Be3 c5 19. Be4 Bxe4 20. Qxe4 Bf6 21.
f4 gxf4 22. gxf4 Qc8 23. Kh1 Qh3 24. Rg1 Rad8 25. Rg3 Qh5 26. Qg2 Bh4 27. Qh3
Qh7 28. Rg4 Be7 29. Qxh7+ Kxh7 30. Rag1 Rg8 31. Rxg8 Rxg8 32. Rxg8 Kxg8 33. Kg2
f5 34. exf6 Bxf6 35. b3 Kf7 36. Kf3 Ke6 37. Kg4 Kd5 38. Kf5 Bh4 39. Kg6 Ke4 40.
Bc1 b5 41. f5 c4 42. bxc4 bxc4 43. f6 Kf3 44. Bg5 Bf2 45. h4 c3 46. f7 Bc5 47.
h5 c2 48. h6 1-0

[Event "NATO-ch 22nd"]
[Site "Kaunas"]
[Date "2011.08.09"]
[Round "2.14"]
[White "Troina, Giuseppe"]
[Black "Nielsen, Rene O"]
[Result "0-1"]
[WhiteElo "1200"]
[BlackElo "2149"]
[PlyCount "48"]
[EventDate "2011.08.??"]
[EventType "swiss"]
[EventRounds "7"]
[EventCountry "LTU"]
[WhiteTeam "ITA"]
[BlackTeam "DEN"]

1. e4 e5 2. Nf3 Nc6 3. Bc4 Bc5 4. O-O Nf6 5. Nc3 d6 6. h3 Be6 7. Bxe6 fxe6 8.
d3 O-O 9. Bg5 Qe8 10. Nb5 Bb6 11. c3 a6 12. Na3 d5 13. Bxf6 Rxf6 14. b4 Qg6 15.
Re1 Raf8 16. Kf1 Qh5 17. exd5 Rxf3 18. gxf3 Rxf3 19. Re2 Qxh3+ 20. Ke1 Rxd3 21.
Rd2 Bxf2+ 22. Kxf2 Qh2+ 23. Ke1 Qg1+ 24. Ke2 Re3# 0-1

[Event "NATO-ch 22nd"]
[Site "Kaunas"]
[Date "2011.08.09"]
[Round "2.15"]
[White "Kersic, Matej"]
[Black "Kruit, Erik"]
[Result "1-0"]
[WhiteElo "2128"]
[BlackElo "1914"]
[PlyCount "101"]
[EventDate "2011.08.??"]
[EventType "swiss"]
[EventRounds "7"]
[EventCountry "LTU"]
[WhiteTeam "SLO"]
[BlackTeam "NED"]

1. e4 d6 2. d4 Nf6 3. Bd3 g6 4. f4 Bg7 5. Nf3 O-O 6. O-O Nbd7 7. e5 Ne8 8. Qe2
e6 9. Nbd2 c5 10. c3 a6 11. Ne4 cxd4 12. cxd4 Nb6 13. Bd2 Nd5 14. Kh1 Bh6 15.
Nfg5 b5 16. Rf3 f5 17. exf6 Nexf6 18. Nxf6+ Rxf6 19. Raf1 Qf8 20. h4 Ra7 21.
Be4 Qe8 22. Bxd5 Re7 23. Re1 Kf8 24. Ne4 Qf7 25. Bb3 Re8 26. Nxf6 Qxf6 27. h5
Bg7 28. Qf2 Qf5 29. hxg6 hxg6 30. Bc3 Kf7 31. Kg1 Rh8 32. a3 Bf6 33. Bc2 Qh5
34. Rh3 Bh4 35. Rxh4 Qxh4 36. Qxh4 Rxh4 37. g3 Rh6 38. Be4 e5 39. Bf3 Kf6 40.
Kg2 Rh7 41. Rh1 Rc7 42. Rc1 Bd7 43. Bd2 Bc6 44. Bb4 Rc8 45. Bxd6 Kf7 46. Bxe5
Ke7 47. Kh3 Kd7 48. Kg4 a5 49. Kg5 b4 50. axb4 a4 51. b5 1-0

[Event "NATO-ch 22nd"]
[Site "Kaunas"]
[Date "2011.08.09"]
[Round "2.16"]
[White "Maes, Patrick"]
[Black "Vaznonis, Vytautas"]
[Result "0-1"]
[WhiteElo "2068"]
[BlackElo "2395"]
[PlyCount "64"]
[EventDate "2011.08.??"]
[EventType "swiss"]
[EventRounds "7"]
[EventCountry "LTU"]
[WhiteTeam "BEL"]
[BlackTeam "LTU"]

1. e4 e6 2. d3 d5 3. Nd2 Nf6 4. Ngf3 Be7 5. g3 O-O 6. Bg2 c5 7. O-O b5 8. Re1
Nc6 9. e5 Ne8 10. Nf1 a5 11. h4 b4 12. N1h2 a4 13. a3 bxa3 14. bxa3 Ba6 15. Ng5
c4 16. Qg4 Nc7 17. dxc4 Bxc4 18. Qh5 h6 19. Ngf3 Qe8 20. Qg4 Kh8 21. Rb1 Nb5
22. Nd2 Na5 23. Nxc4 Nxc4 24. Bxh6 gxh6 25. Qf4 Kg7 26. Bxd5 exd5 27. Qg4+ Kh8
28. Qf4 Ra6 29. Ng4 Rg6 30. Nxh6 Ncxa3 31. Rb2 Nc4 32. Ra2 Bb4 0-1

[Event "NATO-ch 22nd"]
[Site "Kaunas"]
[Date "2011.08.09"]
[Round "2.17"]
[White "Wantiez, Fabrice"]
[Black "Cheung, Jan W"]
[Result "1-0"]
[WhiteElo "2357"]
[BlackElo "2024"]
[PlyCount "65"]
[EventDate "2011.08.??"]
[EventType "swiss"]
[EventRounds "7"]
[EventCountry "LTU"]
[WhiteTeam "BEL"]
[BlackTeam "NED"]

1. e4 c5 2. Nf3 d6 3. d4 cxd4 4. Nxd4 Nf6 5. Nc3 Nc6 6. Bc4 e6 7. Be3 a6 8. Qe2
Qc7 9. Bb3 Na5 10. g4 b5 11. g5 Nd7 12. O-O-O Nxb3+ 13. axb3 b4 14. Na4 Nc5 15.
Kb1 Bd7 16. h4 Bxa4 17. bxa4 Nxa4 18. h5 e5 19. Nb3 Be7 20. g6 Bf6 21. gxf7+
Kxf7 22. Rd5 Rhd8 23. Rhd1 Nb6 24. Bxb6 Qxb6 25. Na5 Rac8 26. Nc4 Rxc4 27. Qxc4
Kf8 28. h6 gxh6 29. f4 exf4 30. Rf5 Ke7 31. Rxf4 Qb5 32. e5 dxe5 33. Qc7+ 1-0

[Event "NATO-ch 22nd"]
[Site "Kaunas"]
[Date "2011.08.09"]
[Round "2.18"]
[White "Malloni, Marcello"]
[Black "Narman, Gokhan"]
[Result "1-0"]
[WhiteElo "2293"]
[BlackElo "2057"]
[PlyCount "169"]
[EventDate "2011.08.??"]
[EventType "swiss"]
[EventRounds "7"]
[EventCountry "LTU"]
[WhiteTeam "ITA"]
[BlackTeam "TUR"]

1. d4 Nf6 2. c4 e6 3. Nc3 Bb4 4. e3 c5 5. Nge2 cxd4 6. exd4 d5 7. c5 Ne4 8. Bd2
Nxd2 9. Qxd2 O-O 10. a3 Ba5 11. b4 Bc7 12. g3 Bd7 13. Bg2 Nc6 14. O-O Ne7 15.
Nc1 Nf5 16. Nb3 h5 17. a4 Qf6 18. b5 g6 19. a5 Rac8 20. a6 b6 21. c6 Be8 22.
Rfe1 Kg7 23. Rad1 Rh8 24. f4 Rd8 25. Na1 Nh6 26. h4 Nf5 27. Qf2 Kh7 28. Nc2 Rg8
29. Rf1 Qe7 30. Rd3 f6 31. Ne3 Bf7 32. Kh1 Qd6 33. Bh3 Qb4 34. Nc2 Qd6 35. Ne3
Rde8 36. Re1 Ref8 37. Nxf5 gxf5 38. Qb2 Rg7 39. Ne2 Rfg8 40. Qa3 Qd8 41. Re3
Re8 42. Qd3 Bg6 43. Nc3 Rge7 44. Bg2 Qd6 45. Qe2 Bd8 46. Bf3 Kh6 47. Qd2 Kg7
48. Kg2 Bf7 49. Qe2 Kh6 50. Kh1 Bg6 51. Qd2 Kg7 52. R1e2 Kf7 53. Kg2 Kg7 54.
Kf2 Bf7 55. Ke1 Bc7 56. Kd1 Qb4 57. Ke1 Qd6 58. Kf1 Bd8 59. Re1 Bg6 60. Nd1 Bf7
61. Kg2 Kh6 62. Nf2 Rg8 63. Nd3 Ree8 64. Kf2 Rg7 65. Qb4 Qxb4 66. Nxb4 Reg8 67.
Rxe6 Bxe6 68. Rxe6 Rxg3 69. Nxd5 Rh3 70. Nxf6 Rh2+ 71. Ke3 Rg6 72. Ng8+ Kh7 73.
Rxg6 Kxg6 74. Ne7+ Kf6 75. Nd5+ Ke6 76. c7 Bxc7 77. Nxc7+ Kd6 78. Nd5 Rb2 79.
Nc3 Rc2 80. Na4 Rc8 81. Nxb6 Rg8 82. Nc4+ Kd7 83. Bxh5 Rh8 84. Bf3 Rxh4 85. b6
1-0

[Event "NATO-ch 22nd"]
[Site "Kaunas"]
[Date "2011.08.09"]
[Round "2.19"]
[White "Zengin, Sedat"]
[Black "Sypien, Mateusz"]
[Result "1-0"]
[WhiteElo "2064"]
[BlackElo "2283"]
[PlyCount "69"]
[EventDate "2011.08.??"]
[EventType "swiss"]
[EventRounds "7"]
[EventCountry "LTU"]
[WhiteTeam "TUR"]
[BlackTeam "POL"]

1. e4 c5 2. Nf3 d6 3. d4 cxd4 4. Nxd4 Nf6 5. Nc3 g6 6. f4 Nc6 7. Nxc6 bxc6 8.
e5 Ng8 9. Qf3 d5 10. Be3 Qa5 11. O-O-O e6 12. Rd4 Bd7 13. Ra4 Qc7 14. Qf2 Ne7
15. Rxa7 Rxa7 16. Bxa7 Nc8 17. Bc5 Qa5 18. b4 Bxc5 19. Qxc5 Qxc5 20. bxc5 f6
21. Bd3 Kf7 22. Kd2 g5 23. Rf1 gxf4 24. Rxf4 f5 25. Rb4 Ne7 26. Rb7 Rd8 27. a4
Ke8 28. g4 Ng6 29. gxf5 exf5 30. a5 Ra8 31. a6 Bc8 32. Rxh7 Bxa6 33. Bxf5 Nf8
34. Rc7 Bc4 35. Rxc6 1-0

[Event "NATO-ch 22nd"]
[Site "Kaunas"]
[Date "2011.08.09"]
[Round "2.21"]
[White "Nill, Oliver"]
[Black "Mankauskas, Donatas"]
[Result "1/2-1/2"]
[WhiteElo "2198"]
[BlackElo "1958"]
[PlyCount "44"]
[EventDate "2011.08.??"]
[EventType "swiss"]
[EventRounds "7"]
[EventCountry "LTU"]
[WhiteTeam "GER"]
[BlackTeam "LTU"]

1. c4 Nf6 2. Nc3 g6 3. g3 Bg7 4. Bg2 O-O 5. e4 d6 6. Nge2 e5 7. O-O Nh5 8. d3
Nc6 9. f4 f5 10. Be3 exf4 11. gxf4 fxe4 12. dxe4 Be6 13. Nd5 Ne7 14. Nd4 Nxd5
15. cxd5 Bd7 16. Rc1 Rc8 17. Ne6 Bxe6 18. dxe6 Qh4 19. Qd2 Rfe8 20. Qd5 Nf6 21.
Qg5 Qxg5 22. fxg5 Ng4 1/2-1/2

[Event "NATO-ch 22nd"]
[Site "Kaunas"]
[Date "2011.08.09"]
[Round "2.22"]
[White "Almonti, Alessandro"]
[Black "Papista, Akos"]
[Result "0-1"]
[WhiteElo "2022"]
[BlackElo "2158"]
[PlyCount "102"]
[EventDate "2011.08.??"]
[EventType "swiss"]
[EventRounds "7"]
[EventCountry "LTU"]
[WhiteTeam "ITA"]
[BlackTeam "HUN"]

1. g3 d5 2. Bg2 c6 3. d3 Bg4 4. Nf3 Nd7 5. Nbd2 e6 6. O-O Bd6 7. e4 Ne7 8. b3
O-O 9. h3 Bxf3 10. Nxf3 b5 11. Qe2 a5 12. Bd2 Qb6 13. Kh2 c5 14. Bg5 Rfe8 15.
e5 Bc7 16. Bxe7 Rxe7 17. h4 Rc8 18. Rae1 Qb8 19. Bh3 Nb6 20. Qe3 Nd7 21. Qg5
Bd8 22. Rh1 c4 23. Rc1 Qa7 24. d4 Nf8 25. bxc4 Rxc4 26. Bf1 Rc3 27. Bd3 b4 28.
Kg2 Bb6 29. Rcd1 Ra3 30. h5 h6 31. Qf4 Qc7 32. Qh4 Qd8 33. g4 Re8 34. Qg3 Nh7
35. Bxh7+ Kxh7 36. Qf4 Qe7 37. g5 Rg8 38. Ra1 Rxf3 39. Qxf3 Qxg5+ 40. Kf1 Rc8
41. Rd1 Rxc2 42. Rg1 Qf5 43. Qg3 g5 44. hxg6+ fxg6 45. Qe3 Bd8 46. Rg2 Bg5 47.
Qb3 Bh4 48. Qe3 Rxa2 49. Rc1 Rc2 50. Rxc2 Qxc2 51. Rg4 Qd1+ 0-1

[Event "NATO-ch 22nd"]
[Site "Kaunas"]
[Date "2011.08.09"]
[Round "2.23"]
[White "Lazar, Ales Sr"]
[Black "Nielsen, Henrik"]
[Result "1-0"]
[WhiteElo "2150"]
[BlackElo "2019"]
[PlyCount "57"]
[EventDate "2011.08.??"]
[EventType "swiss"]
[EventRounds "7"]
[EventCountry "LTU"]
[WhiteTeam "SLO"]
[BlackTeam "DEN"]

1. e4 c5 2. Nc3 Nc6 3. f4 d6 4. Bb5 Bd7 5. Nf3 g6 6. Bxc6 Bxc6 7. O-O Bg7 8. d3
e6 9. Qe1 Ne7 10. Rb1 O-O 11. Qh4 d5 12. Bd2 b5 13. Rbe1 Nc8 14. Qf2 c4 15. f5
Nd6 16. f6 Bh8 17. e5 b4 18. Ne2 a5 19. Nfd4 Bb7 20. exd6 Qxd6 21. Bf4 Qd8 22.
Be5 cxd3 23. cxd3 Qd7 24. Qe3 Ba6 25. Rf3 Rfc8 26. Qh6 Qd8 27. Rh3 Bxf6 28.
Qxh7+ Kf8 29. Rf1 1-0

[Event "NATO-ch 22nd"]
[Site "Kaunas"]
[Date "2011.08.09"]
[Round "2.24"]
[White "Crapulli, Giuseppe"]
[Black "Onley, David"]
[Result "0-1"]
[WhiteElo "1976"]
[BlackElo "2105"]
[PlyCount "52"]
[EventDate "2011.08.??"]
[EventType "swiss"]
[EventRounds "7"]
[EventCountry "LTU"]
[WhiteTeam "ITA"]
[BlackTeam "ENG"]

1. e4 c5 2. Nf3 e6 3. d4 cxd4 4. Nxd4 Nc6 5. Nc3 a6 6. Be3 Nge7 7. Nb3 Ng6 8.
a4 Na5 9. Qd4 Nxb3 10. cxb3 Qa5 11. Be2 b5 12. O-O b4 13. Na2 Ne5 14. f4 Nc6
15. Qd2 Be7 16. e5 O-O 17. Bf3 Rd8 18. Qf2 Rb8 19. Rac1 f6 20. exf6 Bxf6 21.
Rfd1 Qc7 22. Bc5 d5 23. Nxb4 Nxb4 24. Bxb4 Qxf4 25. Ba5 Rd7 26. g3 Qe5 0-1

[Event "NATO-ch 22nd"]
[Site "Kaunas"]
[Date "2011.08.09"]
[Round "2.25"]
[White "Cappon, Kaan"]
[Black "Tucker, David Sidney"]
[Result "0-1"]
[WhiteElo "1899"]
[BlackElo "2096"]
[PlyCount "46"]
[EventDate "2011.08.??"]
[EventType "swiss"]
[EventRounds "7"]
[EventCountry "LTU"]
[WhiteTeam "BEL"]
[BlackTeam "ENG"]

1. e4 c5 2. Nf3 Nc6 3. d4 cxd4 4. Nxd4 g6 5. Be3 Bg7 6. Be2 Nf6 7. f3 O-O 8.
Qd2 d5 9. Nxc6 bxc6 10. e5 Nd7 11. f4 e6 12. O-O f6 13. exf6 Qxf6 14. c3 c5 15.
g3 Rb8 16. a4 a6 17. Ra2 Bb7 18. Bf2 e5 19. fxe5 Qxe5 20. Be3 Rbe8 21. Bg4
Rxf1+ 22. Kxf1 Nf6 23. Bf4 Qe4 0-1

[Event "NATO-ch 22nd"]
[Site "Kaunas"]
[Date "2011.08.09"]
[Round "2.26"]
[White "Dekker, Ard"]
[Black "Vuitton, Gilles"]
[Result "1/2-1/2"]
[WhiteElo "1889"]
[BlackElo "2094"]
[PlyCount "35"]
[EventDate "2011.08.??"]
[EventType "swiss"]
[EventRounds "7"]
[EventCountry "LTU"]
[WhiteTeam "NED"]
[BlackTeam "FRA"]

1. d4 e6 2. c4 Nf6 3. Nc3 Bb4 4. a3 Bxc3+ 5. bxc3 b6 6. f3 Nc6 7. e4 O-O 8. Bd3
Ne8 9. Nh3 Qh4+ 10. Nf2 e5 11. Be3 Qe7 12. O-O Kh8 13. f4 d6 14. f5 exd4 15.
cxd4 Bxf5 16. Qf3 Bd7 17. Rae1 Rd8 18. Nh3 1/2-1/2